| 000 | 01945nkm0a2200433 4500 | ||
|---|---|---|---|
| 001 | RU\NLR\BIBL_A\022731899 | ||
| 005 | 20260322050823.0 | ||
| 035 | _a(NLR Aleph) 022731899 | ||
| 090 |
_a13639656 _c13639656 |
||
| 100 | _a20260218d1985 u y0rusy50 ca | ||
| 101 | 0 | _aspa | |
| 102 | _aRU | ||
| 116 | _aiiycxx zz ad | ||
| 135 | _acrcn 024anaba | ||
| 181 | 0 |
_ab4 _bxb2e |
|
| 182 | 0 | _an | |
| 200 | 1 |
_a¡Patria libre o morir! _e[плакат] |
|
| 203 |
_aИзображение _bнеподвижное _bдвухмерное _bвизуальное _cнепосредственное |
||
| 210 |
_a[Москва _d1985] |
||
| 215 |
_a1 л. _cофсет. печать _d64,7х48,2 |
||
| 325 | _aКопия доступна в Электрон. б-ке РНБ | ||
| 541 | 1 | _aСвободная родина или смерть! | |
| 606 | 1 |
_aПлакат русский советский _92168899 _3RU\NLR\AUTH\661304813 |
|
| 606 | 1 |
_aНационально-освободительное движение _jПлакаты _yНикарагуа _z20 в. _91667315 _3RU\NLR\AUTH\66739206 |
|
| 686 | _aЩ153(2Р=Рус)7-466 | ||
| 700 | 1 |
_aСурьянинов _bР. В. _f1930-2024 _gРубен Васильевич _4040 |
|
| 830 | _aНа обороте пом. карандашом: "Худож. Р. Сурьянинов [М, 1985] Елизаров В.В. | ||
| 852 | 0 | 0 |
_aNLR _bЭ _jПлИ49-965/5-2 _mЭпл53119 |
| 856 | 0 | _uhttps://vivaldi.nlr.ru/la700001739/view | |
| 856 | 1 | _uhttps://vivaldi.nlr.ru/la700001739/cover | |
| 856 | 2 | _uhttps://vivaldi.nlr.ru/la700001739/text | |
| 942 | _cVISUAL | ||
| 945 | _aРоссийская национальная библиотека | ||
| 980 | _aNB | ||
| 981 | 1 | 7 |
_a(17) Изографические материалы _b(17) Плакаты |